[Event "AUTO-ADV-1699"]
[Site "http://www.queenalice.com/game.php?id=840609"]
[Date "2010.10.1"]
[Round "2"]
[White "lahdidah"]
[Black "razoman"]
[Result "1-0"]
[WhiteElo "1761"]
[BlackElo "1948"]

1. e4 c5 2. Nf3 Nc6 3. d4 cxd4 4. Nxd4 a6 5. Nc3 d6 6. Be3 g6 7. Be2 Bg7 8. Qd2
Nf6 9. h3 O-O 10. O-O-O Bd7 11. Nb3 Rc8 12. Kb1 Re8 13. f4 Be6 14. g4 Bxb3 15.
axb3 Nb4 16. Bd4 Qa5 17. Bc4 b5 18. Bd5 Nfxd5 19. exd5 Rxc3 20. Qxc3 Qa2+ 21.
Kc1 Bxd4 22. Qxd4 Qa5 23. Kd2 Nxd5+ 24. Ke2 Nf6 25. Ra1 Qc7 26. Qc3 Qb7 27. Qf3
d5 28. Rhd1 Qc6 29. Qc3 Qb6 30. Qd4 Qb7 31. g5 Nh5 32. Kf2 e6 33. Rd3 b4 34. Ra4
Rb8 35. c4 bxc3 36. Rxc3 Qb6 37. Rc8+ 1-0

[Event "AUTO-ADV-1699"]
[Site "http://www.queenalice.com/game.php?id=840612"]
[Date "2010.10.1"]
[Round "2"]
[White "Hakkinen"]
[Black "lahdidah"]
[Result "0-1"]
[WhiteElo "2025"]
[BlackElo "1784"]

1. d4 e6 2. e4 b6 3. c4 Bb4+ 4. Bd2 Bxd2+ 5. Nxd2 Bb7 6. Ngf3 Ne7 7. Rc1 d6 8.
d5 e5 9. Be2 Nd7 10. O-O O-O 11. Re1 a5 12. Nf1 Nc5 13. Ng3 Ng6 14. h3 Nf4 15.
Nh2 g6 16. Ng4 f5 17. exf5 gxf5 18. Nh6+ Kh8 19. Nhxf5 Qg5 20. h4 Qg6 21. Bh5
Nxh5 22. Qxh5 Qxh5 23. Nxh5 Rxf5 24. Ng3 Rf4 25. h5 Raf8 26. f3 Nd3 0-1

[Event "AUTO-ADV-1699"]
[Site "http://www.queenalice.com/game.php?id=840613"]
[Date "2010.10.1"]
[Round "2"]
[White "lahdidah"]
[Black "Hakkinen"]
[Result "1-0"]
[WhiteElo "1826"]
[BlackElo "1730"]

1. e4 e5 2. Nf3 Nc6 3. Bb5 Nd4 4. Nxd4 exd4 5. c3 Bc5 6. d3 c6 7. Ba4 Qf6 8. O-O
d6 9. Bd2 Ne7 10. cxd4 Bxd4 11. Bc3 b5 12. Bb3 Bxc3 13. Nxc3 Qg6 14. Qf3 O-O 15.
d4 Bg4 16. Qg3 Kh8 17. h3 Bd7 18. Rae1 Qxg3 19. fxg3 Be6 20. d5 cxd5 21. exd5
Nxd5 22. Nxd5 a5 23. Nc3 Bxb3 24. axb3 b4 25. Nb5 d5 26. Rd1 Rfd8 27. Rxf7 Kg8
28. Rf5 a4 29. bxa4 Rxa4 30. Rfxd5 Rxd5 31. Rxd5 Kf7 32. Kf2 Ke6 33. Nc7+ 1-0

[Event "AUTO-ADV-1699"]
[Site "http://www.queenalice.com/game.php?id=840614"]
[Date "2010.10.1"]
[Round "2"]
[White "saiesha"]
[Black "lahdidah"]
[Result "1-0"]
[WhiteElo "2022"]
[BlackElo "1843"]

1. d4 e6 2. c4 b6 3. Nc3 Ba6 4. e4 Bb7 5. Bd3 Bb4 6. Ne2 Ne7 7. O-O O-O 8. a3
Bxc3 9. Nxc3 d6 10. Be3 d5 11. cxd5 exd5 12. e5 Nd7 13. Qh5 Ng6 14. f4 c5 15. f5
cxd4 16. Bxd4 Ngxe5 17. Bc2 Nf6 18. Qh3 Nc6 19. Bxf6 Qxf6 20. Rad1 Rad8 21. Qg4
Ne5 22. Qg3 1-0

[Event "AUTO-ADV-1699"]
[Site "http://www.queenalice.com/game.php?id=840615"]
[Date "2010.10.1"]
[Round "2"]
[White "lahdidah"]
[Black "saiesha"]
[Result "0-1"]
[WhiteElo "1834"]
[BlackElo "2031"]

1. e4 e6 2. d4 d5 3. Nd2 c5 4. c3 Nc6 5. Ngf3 cxd4 6. Nxd4 Bc5 7. Bb5 Bd7 8.
exd5 exd5 9. Nxc6 bxc6 10. Bd3 Nf6 11. Nf3 Qb6 12. Qe2+ Be7 13. O-O Qc7 14. Re1
Be6 15. Bg5 O-O 16. Bxf6 Bxf6 17. Qc2 g6 18. Nd4 Bd7 19. Rad1 Be5 20. h3 Rae8
21. b4 f5 22. Nb3 Rf7 0-1

[Event "Challenge"]
[Site "http://www.queenalice.com/game.php?id=849150"]
[Date "2010.10.22"]
[Round "-"]
[White "ORNELAS"]
[Black "lahdidah"]
[Result "0-1"]
[WhiteElo "1715"]
[BlackElo "1832"]

1. b3 e5 2. d4 exd4 3. Qxd4 d5 4. Qe5+ Be7 5. Qxg7 Bf6 6. Qg3 Bxa1 7. Qe3+ Qe7
8. Qxe7+ Nxe7 9. c3 d4 10. cxd4 Bxd4 11. e3 Bg7 12. Ba3 Nbc6 13. Bb5 Bd7 14.
Bxc6 Bxc6 15. Bxe7 Kxe7 16. Nf3 Bxf3 17. O-O Bc6 18. Na3 Rhg8 19. Nc4 Bc3 20.
Rc1 Rxg2+ 21. Kf1 Bf6 22. Na5 Rxh2 23. Nxc6+ bxc6 24. Ke2 Kd6 25. Rd1+ Ke6 26.
Rc1 Be5 27. Rxc6+ Bd6 28. Rc4 Rg8 29. Re4+ Kf5 30. Ra4 Rgg2 31. Ra5+ Kg6 32. Kd3
Rxf2 33. Kd4 Rxa2 34. Rxa2 Rxa2 35. Kc4 Kf5 36. Kd5 Ra6 37. e4+ Kf4 38. b4 Bxb4
39. e5 Bd6 40. exd6 Rxd6+ 41. Kc5 Ke4 42. Kc4 Rc6+ 43. Kb5 Kd5 44. Kb4 a5+ 45.
Kxa5 Rb6 46. Ka4 Kc4 47. Ka5 h5 48. Ka4 Ra6# 0-1

[Event "Let's Play Chess!"]
[Site "http://www.queenalice.com/game.php?id=1096942"]
[Date "2012.8.27"]
[Round "-"]
[White "zap2therevenge"]
[Black "lahdidah"]
[Result "1-0"]
[WhiteElo "1725"]
[BlackElo "1883"]

1. e4 e5 2. Nf3 Nc6 3. Bb5 Nf6 4. d3 a6 5. Ba4 b5 6. Bb3 Be7 7. c3 d6 8. O-O O-O
9. Re1 Na5 10. Bc2 c5 11. Nbd2 Be6 12. Nf1 Re8 13. Ng3 g6 14. h3 Bf8 15. Bg5 Bg7
16. Qd2 Qe7 17. Bh6 Qf8 18. Bxg7 Qxg7 19. a4 Bb3 20. axb5 axb5 21. Ra3 Bxc2 22.
Qxc2 Nc6 23. Rea1 Qf8 24. Qb3 Rxa3 25. Rxa3 b4 26. Ra6 Rc8 27. Qa4 bxc3 28. Rxc6
Rxc6 29. Qxc6 1-0

[Event "AUTO-ADV-2604"]
[Site "http://www.queenalice.com/game.php?id=1097885"]
[Date "2012.8.30"]
[Round "1"]
[White "lahdidah"]
[Black "Jac"]
[Result "1-0"]
[WhiteElo "1838"]
[BlackElo "1681"]

1. e4 e5 2. Nf3 Nc6 3. Bc4 h6 4. d4 d6 5. dxe5 Bg4 6. exd6 Qxd6 7. O-O Qxd1 8.
Rxd1 Bxf3 9. gxf3 Rd8 10. Rxd8+ Nxd8 11. Bf4 Bd6 12. Bg3 Nf6 13. e5 Bxe5 14.
Bxe5 c6 15. Nc3 Nd7 16. Bd6 Ne6 17. Re1 Nc5 18. Bxc5 1-0

[Event "AUTO-ADV-2604"]
[Site "http://www.queenalice.com/game.php?id=1097886"]
[Date "2012.8.30"]
[Round "1"]
[White "Jac"]
[Black "lahdidah"]
[Result "0-1"]
[WhiteElo "1672"]
[BlackElo "1890"]

1. e4 e5 2. Nf3 Nc6 3. Bb5 a6 4. Bxc6 dxc6 5. Nc3 Bd6 6. O-O Nf6 7. d3 Bg4 8. h3
Bh5 9. Bg5 O-O 10. a3 h6 11. Bxf6 Qxf6 12. b4 a5 13. g4 Bg6 14. Qe2 axb4 15.
axb4 Bxb4 16. Rxa8 Rxa8 17. Nd1 Ra2 18. Kg2 h5 19. Nh2 Qg5 20. Ne3 hxg4 21. hxg4
b5 22. f3 Bc5 23. Nd1 b4 24. Kh1 b3 25. Qe1 b2 26. Nc3 Ra1 27. Qe2 Rxf1+ 28.
Qxf1 Qd2 29. Na4 Qxc2 30. Nxc5 b1=Q 0-1

[Event "AUTO-ADV-2604"]
[Site "http://www.queenalice.com/game.php?id=1097887"]
[Date "2012.8.30"]
[Round "1"]
[White "lahdidah"]
[Black "giobetti"]
[Result "0-1"]
[WhiteElo "1897"]
[BlackElo "1906"]

1. e4 d6 2. d4 Nf6 3. Nd2 Nbd7 4. Ngf3 c5 5. c3 e6 6. Bd3 Qc7 7. Qe2 Be7 8. O-O
a6 9. dxc5 Nxc5 10. Bc2 b6 11. b4 Ncd7 12. Bb2 Bb7 13. a4 O-O 14. Rfc1 Rac8 15.
c4 d5 16. exd5 exd5 17. cxd5 Bxb4 18. Bxh7+ Nxh7 19. Rxc7 Rxc7 20. Nb3 Bxd5 21.
Nbd4 Rfc8 22. h4 Bb7 23. Ba3 Bxa3 24. Rxa3 Rc1+ 25. Kh2 Nhf6 26. Ng5 Re8 27. Re3
Rxe3 28. fxe3 Rc5 29. Qa2 Bd5 30. Qb2 Ng4+ 31. Kg3 Nxe3 32. Qe2 Rc3 33. Ngf3 Nc5
34. Kf4 Bc4 35. Qb2 Nd3+ 0-1

[Event "AUTO-ADV-2604"]
[Site "http://www.queenalice.com/game.php?id=1097888"]
[Date "2012.8.30"]
[Round "1"]
[White "giobetti"]
[Black "lahdidah"]
[Result "1/2-1/2"]
[WhiteElo "1934"]
[BlackElo "1881"]

1. e4 e5 2. Nf3 Nc6 3. d4 exd4 4. Nxd4 Nf6 5. Nc3 d6 6. Bg5 Be7 7. Nxc6 bxc6 8.
Bd3 O-O 9. O-O d5 10. e5 Nd7 11. Bxe7 Qxe7 12. f4 Nc5 13. a3 Nxd3 14. cxd3 Ba6
15. Qa4 Bxd3 16. Rfd1 Qc5+ 17. Kh1 Bb5 18. Qd4 Qxd4 19. Rxd4 Rfd8 20. Nxb5 cxb5
21. Rc1 Rac8 22. Rc6 Kf8 23. b4 Ke7 24. f5 Rd7 25. g4 f6 26. Re6+ Kf7 27. Rxf6+
gxf6 28. e6+ Ke7 29. exd7 Kxd7 30. Rxd5+ Kc6 31. Rc5+ Kb6 32. h4 Rg8 33. g5 fxg5
34. hxg5 Rxg5 35. f6 Rg8 36. f7 Rf8 37. Rf5 Kc6 38. Rc5+ Kb6 39. Rf5 1/2-1/2

[Event "AUTO-ADV-2604"]
[Site "http://www.queenalice.com/game.php?id=1097889"]
[Date "2012.8.30"]
[Round "1"]
[White "lahdidah"]
[Black "Artking"]
[Result "1-0"]
[WhiteElo "1848"]
[BlackElo "1997"]

1. e4 c5 2. Nf3 a6 3. c3 d5 4. e5 Bf5 5. d4 h6 6. Be2 e6 7. Nbd2 Nc6 8. O-O Nge7
9. a3 g5 10. dxc5 Ng6 11. Nd4 Ncxe5 12. Nxf5 exf5 13. b4 Nf4 14. Qa4+ Qd7 15.
Qxd7+ Kxd7 16. Bd1 h5 17. Nb3 Ned3 18. Nd4 Nxc1 19. Rxc1 Nd3 20. Rc2 f4 21. Re2
Bg7 22. Nf5 Bxc3 23. Re7+ Kd8 24. Ba4 Ne5 25. Rd1 Kc8 26. Nd6+ Kd8 27. Rxb7 Rh7
28. Rxd5 Ba1 29. Rxe5 Bxe5 30. Rd7# 1-0

[Event "AUTO-ADV-2604"]
[Site "http://www.queenalice.com/game.php?id=1097890"]
[Date "2012.8.30"]
[Round "1"]
[White "Artking"]
[Black "lahdidah"]
[Result "0-1"]
[WhiteElo "1975"]
[BlackElo "1870"]

1. d4 f5 2. e4 fxe4 3. Qh5+ g6 4. Be2 Nf6 5. Qc5 d6 6. Qc3 d5 7. Bf4 c6 8. Nd2
Bg7 9. f3 O-O 10. fxe4 Nxe4 11. Nxe4 Rxf4 12. Ng5 Rxd4 13. Qb3 e5 14. h4 Qf8 15.
N1f3 Qb4+ 16. c3 Qxb3 17. axb3 Rf4 18. O-O-O a5 19. h5 e4 20. Nd4 Rf6 21. Rhf1
Rxf1 22. Rxf1 Bh6 23. Kc2 Bxg5 24. hxg6 hxg6 25. c4 Na6 26. cxd5 Nb4+ 27. Kb1
Nxd5 28. Bc4 b5 29. Bxd5+ cxd5 30. Nxb5 Ba6 0-1

[Event "AUTO-ADV-2604"]
[Site "http://www.queenalice.com/game.php?id=1132174"]
[Date "2012.12.18"]
[Round "2"]
[White "lahdidah"]
[Black "giobetti"]
[Result "1-0"]
[WhiteElo "1883"]
[BlackElo "1923"]

1. e4 c5 2. Nf3 e6 3. b3 Be7 4. Bb2 Bf6 5. e5 Be7 6. c4 Nh6 7. d4 cxd4 8. Nxd4
Nc6 9. Nb5 a6 10. Nd6+ Bxd6 11. exd6 O-O 12. Bd3 Qg5 13. Nd2 Ne5 14. Be4 Rb8 15.
O-O b6 16. f4 Qh4 17. fxe5 Ng4 18. Nf3 Qh6 19. Bc1 Ne3 20. Qe2 1-0

[Event "AUTO-ADV-2604"]
[Site "http://www.queenalice.com/game.php?id=1132175"]
[Date "2012.12.18"]
[Round "2"]
[White "giobetti"]
[Black "lahdidah"]
[Result "1-0"]
[WhiteElo "1946"]
[BlackElo "1924"]

1. c4 c5 2. Nc3 g6 3. Nf3 Bg7 4. g3 Nc6 5. Bg2 e5 6. d3 Nge7 7. Bg5 h6 8. Bxe7
Nxe7 9. O-O O-O 10. Rb1 a5 11. a3 Nc6 12. Nd5 d6 13. b4 axb4 14. axb4 b6 15. Ne1
Bd7 16. bxc5 bxc5 17. Nb6 Rb8 18. Nxd7 Qxd7 19. Nc2 f5 20. Na3 Na5 21. Nb5 f4
22. Qa4 Nb7 23. Qa7 Qc8 24. Nc3 f3 25. Bxf3 e4 26. Nxe4 1-0

[Event "AUTO-ADV-2604"]
[Site "http://www.queenalice.com/game.php?id=1132176"]
[Date "2012.12.18"]
[Round "2"]
[White "lahdidah"]
[Black "ravague"]
[Result "0-1"]
[WhiteElo "1926"]
[BlackElo "1917"]

1. c4 e5 2. Nc3 Nf6 3. g3 Bc5 4. Bg2 Nc6 5. e4 d6 6. Nge2 Ng4 7. O-O O-O 8. a3
a5 9. d3 f5 10. h3 f4 11. gxf4 Nxf2 12. Rxf2 Bxf2+ 13. Kxf2 Bxh3 14. Bxh3 Qh4+
15. Kg2 exf4 16. Nxf4 Rxf4 17. Bxf4 Qxf4 18. Qe2 Nd4 19. Qf2 Qg5+ 20. Kh2 Qe5+
21. Kh1 Rf8 22. Qh2 Qg5 23. Rg1 Qe3 24. Qg3 Qh6 25. b4 Rf3 26. Qxg7+ Qxg7 27.
Rxg7+ Kxg7 28. Bc8 Rxd3 29. Nd5 axb4 30. axb4 c6 31. Bxb7 cxd5 32. exd5 Nb3 33.
c5 dxc5 0-1

[Event "AUTO-ADV-2604"]
[Site "http://www.queenalice.com/game.php?id=1132177"]
[Date "2012.12.18"]
[Round "2"]
[White "ravague"]
[Black "lahdidah"]
[Result "0-1"]
[WhiteElo "1932"]
[BlackElo "1909"]

1. e4 e5 2. f4 d5 3. exd5 e4 4. d4 Nf6 5. Nc3 Bb4 6. a3 Bxc3+ 7. bxc3 Bg4 8. Be2
Bxe2 9. Nxe2 Qxd5 10. O-O O-O 11. Ng3 Nc6 12. Bb2 Na5 13. Re1 Nc4 14. Qc1 Rae8
15. a4 Re6 16. Rb1 Ra6 17. Ra1 Re8 18. Nf1 h6 19. Ne3 Qc6 20. Ra2 Rxa4 21. Rxa4
Qxa4 22. Nxc4 Qxc4 23. h3 c5 24. Kh1 Nd5 25. Qd2 e3 26. Qd3 Qxd3 27. cxd3 Nxf4
0-1

[Event "AUTO-MASTER-2006"]
[Site "http://www.queenalice.com/game.php?id=1244052"]
[Date "2013.12.31"]
[Round "1"]
[White "lahdidah"]
[Black "Lucio1973"]
[Result "0-1"]
[WhiteElo "1877"]
[BlackElo "2012"]

1. e4 e6 2. d4 d5 3. Nd2 c5 4. c3 dxe4 5. Nxe4 cxd4 6. cxd4 Nf6 7. Nxf6+ Qxf6 8.
Nf3 Be7 9. Bc4 h6 10. Qb3 O-O 11. O-O Nc6 12. Be3 Na5 13. Qb5 Nxc4 14. Qxc4 a6
15. a4 Bd7 16. Ne5 Rfd8 17. Rfc1 Bd6 18. Nxd7 Rxd7 19. Qb3 h5 20. d5 exd5 21.
Qd1 Be5 0-1

[Event "AUTO-MASTER-2006"]
[Site "http://www.queenalice.com/game.php?id=1244053"]
[Date "2013.12.31"]
[Round "1"]
[White "Lucio1973"]
[Black "lahdidah"]
[Result "1-0"]
[WhiteElo "2000"]
[BlackElo "1889"]

1. e4 c5 2. Nf3 Nc6 3. Nc3 d6 4. d4 cxd4 5. Nxd4 Nf6 6. Be2 e5 7. Nb3 Be7 8. O-O
O-O 9. Be3 Be6 10. a3 d5 11. exd5 Nxd5 12. Nxd5 Qxd5 13. Bf3 e4 14. Qxd5 Bxd5
15. Be2 f5 16. c4 Be6 17. Nd4 Nxd4 18. Bxd4 b6 19. Rac1 Rac8 20. a4 1-0

[Event "AUTO-MASTER-2006"]
[Site "http://www.queenalice.com/game.php?id=1244054"]
[Date "2013.12.31"]
[Round "1"]
[White "lahdidah"]
[Black "JailtonMaster"]
[Result "0-1"]
[WhiteElo "1853"]
[BlackElo "2050"]

1. c4 Nf6 2. g3 g6 3. Bg2 Bg7 4. Nc3 c5 5. e4 d6 6. Nge2 O-O 7. O-O Nc6 8. d3 a6
9. a4 Qc7 10. Be3 e6 11. d4 cxd4 12. Nxd4 e5 13. Nc2 Be6 14. Nd5 Bxd5 15. exd5
Na5 16. Rc1 Nxc4 17. Na3 Nxe3 18. Rxc7 Nxd1 19. Rxd1 Rab8 20. Nc4 Rfd8 21. Nb6
Ne8 22. Rc2 f5 23. f4 e4 0-1

[Event "AUTO-MASTER-2006"]
[Site "http://www.queenalice.com/game.php?id=1244055"]
[Date "2013.12.31"]
[Round "1"]
[White "JailtonMaster"]
[Black "lahdidah"]
[Result "1-0"]
[WhiteElo "2111"]
[BlackElo "1896"]

1. e4 c5 2. Nf3 Nc6 3. d4 cxd4 4. Nxd4 Nf6 5. Nc3 e5 6. Ndb5 d6 7. Bg5 a6 8. Na3
b5 9. Bxf6 gxf6 10. Nd5 Be6 11. c3 f5 12. Bd3 fxe4 13. Bxe4 Rc8 14. O-O Bg7 15.
f4 exf4 16. Nxf4 O-O 17. Nxe6 fxe6 18. Qh5 Qb6+ 19. Kh1 h6 20. Qg6 Rxf1+ 21.
Rxf1 1-0